[Event "Montreal Mercredi 01"]
[Site "Montreal CAN"]
[Date "2007.01.31"]
[Round "4"]
[White "Landry, Martin"]
[Black "Shahabi, Shahab"]
[Result "1-0"]
[WhiteElo "1555"]
[BlackElo "1455"]
[PlyCount "53"]
[GameId "2160767910735234"]
[EventDate "2007.01.10"]
[EventType "swiss"]
[EventRounds "5"]
[EventCountry "CAN"]
[SourceTitle "EXT 2022"]
[Source "ChessBase"]
[SourceDate "2021.10.06"]
[SourceVersion "1"]
[SourceVersionDate "2021.10.06"]
[SourceQuality "1"]

1. d4 d5 2. c4 Nf6 3. cxd5 Nxd5 4. e4 Nf6 5. Nc3 h6 6. Bc4 e6 7. a3 Nc6 8. Nf3 Na5 9. Ba2 Bd7 10. e5 Nh7 11. Be3 b6 12. Qd3 Nb7 13. Rc1 Rc8 14. O-O Be7 15. Ne4 b5 16. d5 a6 17. Rfd1 O-O 18. Bb1 f6 19. exf6 Nxf6 20. Nxf6+ Bxf6 21. dxe6 Bxe6 22. Qh7+ Kf7 23. Rxd8 Rcxd8 24. Rxc7+ Ke8 25. Bg6+ Bf7 26. Bxf7+ Rxf7 27. Qg8+ 1-0

[Event "Montreal Mercredi 01"]
[Site "Montreal CAN"]
[Date "2007.01.31"]
[Round "4"]
[White "Leitch, Darcy"]
[Black "Gauthier, Luc"]
[Result "1-0"]
[WhiteElo "1620"]
[BlackElo "1684"]
[PlyCount "49"]
[GameId "2160767910735235"]
[EventDate "2007.01.10"]
[EventType "swiss"]
[EventRounds "5"]
[EventCountry "CAN"]
[SourceTitle "EXT 2022"]
[Source "ChessBase"]
[SourceDate "2021.10.06"]
[SourceVersion "1"]
[SourceVersionDate "2021.10.06"]
[SourceQuality "1"]

1. d4 d5 2. c4 Nc6 3. e3 e5 4. dxe5 d4 5. Nf3 Bg4 6. h3 Bb4+ 7. Bd2 Bxf3 8. Qxf3 dxe3 9. Qxe3 Nge7 10. Nc3 O-O 11. O-O-O Nf5 12. Qe4 Qc8 13. Bd3 g6 14. Nd5 Bxd2+ 15. Rxd2 Re8 16. Nf6+ Kg7 17. Nxe8+ Qxe8 18. g4 Nfd4 19. Bb1 Ne6 20. f4 Nc5 21. Qe3 Qe7 22. Rd5 b6 23. f5 Qh4 24. Rxc5 bxc5 25. Be4 1-0

[Event "Montreal Mercredi 01"]
[Site "Montreal CAN"]
[Date "2007.01.31"]
[Round "4"]
[White "Menard, Dominic"]
[Black "Boulay, David"]
[Result "0-1"]
[WhiteElo "2020"]
[BlackElo "2097"]
[PlyCount "96"]
[GameId "2160767910735236"]
[EventDate "2007.01.10"]
[EventType "swiss"]
[EventRounds "5"]
[EventCountry "CAN"]
[SourceTitle "EXT 2022"]
[Source "ChessBase"]
[SourceDate "2021.10.06"]
[SourceVersion "1"]
[SourceVersionDate "2021.10.06"]
[SourceQuality "1"]

1. d4 Nf6 2. c4 g6 3. Nc3 Bg7 4. e4 d6 5. Be2 O-O 6. Bg5 Na6 7. Qd2 e5 8. d5 Qe8 9. h4 h5 10. Nf3 Nc5 11. Qc2 a5 12. O-O Bd7 13. a3 a4 14. Nd2 b6 15. Nb5 Bxb5 16. cxb5 Nfd7 17. f3 Kh7 18. g4 Bh6 19. f4 exf4 20. gxh5 Bxg5 21. hxg6+ fxg6 22. hxg5 Qe5 23. Kf2 Qxg5 24. Rh1+ Kg7 25. Rag1 Qe5 26. Rg2 Rae8 27. Rgh2 Rh8 28. Rxh8 Rxh8 29. Rxh8 Kxh8 30. Qc3 Qxc3 31. bxc3 Nf6 32. Kf3 g5 33. Bd1 Kg7 34. Bc2 Nfd7 35. Kg4 Kf6 36. Kf3 Ne5+ 37. Kf2 g4 38. Bd1 Kg5 39. Be2 f3 40. Bd1 Kf4 41. Bc2 g3+ 42. Kg1 Ke3 43. Nf1+ Kf4 44. Nd2 Ng4 45. Bd1 f2+ 46. Kh1 Nxe4 47. Nf1 Ne3 48. Be2 g2+ 0-1

[Event "Montreal Mercredi 01"]
[Site "Montreal CAN"]
[Date "2007.01.31"]
[Round "4"]
[White "Messier, Samuel"]
[Black "Savard, Alain"]
[Result "1-0"]
[WhiteElo "1636"]
[BlackElo "1559"]
[PlyCount "85"]
[GameId "2160767910735237"]
[EventDate "2007.01.10"]
[EventType "swiss"]
[EventRounds "5"]
[EventCountry "CAN"]
[SourceTitle "EXT 2022"]
[Source "ChessBase"]
[SourceDate "2021.10.06"]
[SourceVersion "1"]
[SourceVersionDate "2021.10.06"]
[SourceQuality "1"]

1. e4 e6 2. d4 d5 3. Nd2 dxe4 4. Nxe4 Be7 5. Nf3 Nd7 6. Bd3 Ndf6 7. Qe2 Nxe4 8. Qxe4 Nf6 9. Qe2 c5 10. dxc5 Bxc5 11. Bg5 O-O 12. O-O-O Qe7 13. Ne5 h6 14. Bh4 g5 15. Bg3 Bd4 16. c3 Bxe5 17. Bxe5 Nd7 18. Bg3 f5 19. f4 Nc5 20. Bc2 Bd7 21. fxg5 Qxg5+ 22. Kb1 Bc6 23. Bd6 Ne4 24. Bxf8 Rxf8 25. Bb3 Qf6 26. Ka1 a5 27. Bc2 Rc8 28. Bxe4 Bxe4 29. Rhf1 Qe5 30. Qe3 Qh8 31. Qg3+ Qg7 32. Qxg7+ Kxg7 33. g3 a4 34. a3 h5 35. h4 Kf6 36. Rd4 Ke5 37. Rxa4 Rg8 38. Rg1 Kf6 39. Rd4 e5 40. Rdd1 Bf3 41. Rc1 e4 42. c4 Ke5 43. b4 1-0

[Event "Montreal Mercredi 01"]
[Site "Montreal CAN"]
[Date "2007.01.31"]
[Round "4"]
[White "Plante, Michel"]
[Black "Ayotte, Jocelyn"]
[Result "0-1"]
[WhiteElo "1958"]
[BlackElo "2021"]
[PlyCount "80"]
[GameId "2160767910735238"]
[EventDate "2007.01.10"]
[EventType "swiss"]
[EventRounds "5"]
[EventCountry "CAN"]
[SourceTitle "EXT 2022"]
[Source "ChessBase"]
[SourceDate "2021.10.06"]
[SourceVersion "1"]
[SourceVersionDate "2021.10.06"]
[SourceQuality "1"]

1. d4 d5 2. Nf3 Nf6 3. e3 e6 4. Nbd2 b6 5. Bd3 Bb7 6. Ne5 Nbd7 7. f4 Ne4 8. Nxe4 dxe4 9. Bb5 Bc8 10. Bc6 Rb8 11. O-O g6 12. d5 Bd6 13. dxe6 fxe6 14. Qg4 Qe7 15. Bd2 O-O 16. Nxd7 Bxd7 17. Bxe4 Rf5 18. Bxf5 exf5 19. Qf3 Re8 20. Rfe1 Qe4 21. Qxe4 Rxe4 22. Kf2 Bc5 23. Bc3 Rxf4+ 24. Kg1 Re4 25. Bd4 Bd6 26. Rad1 Bc6 27. a3 a5 28. Bxb6 a4 29. Bd4 Bb5 30. Ba7 Kf7 31. g3 h5 32. Rd4 Re6 33. Kf2 Re8 34. Rd2 h4 35. gxh4 Rh8 36. Bc5 Bxh2 37. Rh1 Rxh4 38. Rdd1 Bc6 39. Rhf1 Be5 40. Bd4 Rh2+ 0-1

[Event "Montreal Mercredi 01"]
[Site "Montreal CAN"]
[Date "2007.01.31"]
[Round "4"]
[White "Sonn, Eric"]
[Black "Bergeron, Rene"]
[Result "1-0"]
[WhiteElo "1534"]
[BlackElo "1435"]
[PlyCount "67"]
[GameId "2160767910735240"]
[EventDate "2007.01.10"]
[EventType "swiss"]
[EventRounds "5"]
[EventCountry "CAN"]
[SourceTitle "EXT 2022"]
[Source "ChessBase"]
[SourceDate "2021.10.06"]
[SourceVersion "1"]
[SourceVersionDate "2021.10.06"]
[SourceQuality "1"]

1. e4 d5 2. e5 Nc6 3. d4 Bf5 4. Bb5 Qd7 5. Nf3 a6 6. Bd3 h6 7. Bxf5 Qxf5 8. c3 O-O-O 9. b4 f6 10. exf6 Nxf6 11. O-O e5 12. dxe5 Nxe5 13. Nxe5 Qxe5 14. Re1 Qf5 15. Nd2 Bd6 16. Nf1 Ne4 17. Be3 Nxc3 18. Qb3 Be5 19. Ng3 Bxg3 20. hxg3 Ne4 21. Rac1 d4 22. Bf4 Rd7 23. Qd3 Nxg3 24. Qxg3 Qf7 25. Red1 g5 26. Be5 Rhd8 27. Rxd4 h5 28. Rxd7 Rxd7 29. Qxg5 Kb8 30. Qf4 Qh7 31. a4 Rf7 32. Qc4 Qf5 33. Bxc7+ Ka8 34. Bb6 1-0

[Event "Montreal Mercredi 01"]
[Site "Montreal CAN"]
[Date "2007.02.07"]
[Round "5"]
[White "Ayotte, Jocelyn"]
[Black "Menard, Dominic"]
[Result "0-1"]
[WhiteElo "2021"]
[BlackElo "2020"]
[PlyCount "50"]
[GameId "2160767910735242"]
[EventDate "2007.01.10"]
[EventType "swiss"]
[EventRounds "5"]
[EventCountry "CAN"]
[SourceTitle "EXT 2022"]
[Source "ChessBase"]
[SourceDate "2021.10.06"]
[SourceVersion "1"]
[SourceVersionDate "2021.10.06"]
[SourceQuality "1"]

1. d4 d5 2. c4 dxc4 3. Nf3 e6 4. Nc3 a6 5. a4 Nc6 6. e4 Na5 7. Be2 Nf6 8. O-O Be7 9. Bg5 O-O 10. Qc2 c6 11. e5 Nd5 12. Bxe7 Qxe7 13. Ne4 Nb3 14. Rad1 b5 15. Nfg5 g6 16. f4 h6 17. Nh3 Ne3 18. Qc3 Nxf1 19. Nf6+ Kg7 20. Rxf1 Rd8 21. Bd1 Nxd4 22. Nf2 Qc5 23. Kh1 Nf5 24. N6e4 Qd4 25. Qh3 Ne3 0-1

[Event "Montreal Mercredi 01"]
[Site "Montreal CAN"]
[Date "2007.02.07"]
[Round "5"]
[White "Bergeron, Rene"]
[Black "Cote, Philippe"]
[Result "0-1"]
[WhiteElo "1435"]
[BlackElo "1467"]
[PlyCount "64"]
[GameId "2160767910735243"]
[EventDate "2007.01.10"]
[EventType "swiss"]
[EventRounds "5"]
[EventCountry "CAN"]
[SourceTitle "EXT 2022"]
[Source "ChessBase"]
[SourceDate "2021.10.06"]
[SourceVersion "1"]
[SourceVersionDate "2021.10.06"]
[SourceQuality "1"]

1. e4 d6 2. d4 Nf6 3. Nc3 g6 4. Nf3 Bg7 5. Bc4 Nc6 6. O-O O-O 7. Bg5 Nxe4 8. Bxf7+ Rxf7 9. Nxe4 Bg4 10. c3 Bxf3 11. gxf3 Qf8 12. Qb3 Rb8 13. Bh4 h6 14. Bg3 Kh7 15. f4 Rxf4 16. Bxf4 Qxf4 17. f3 e5 18. d5 Ne7 19. Qc4 c6 20. dxc6 d5 21. Qc5 dxe4 22. c7 Rf8 23. Qxe7 exf3 24. Rf2 e4 25. Re1 Kh8 26. Qxe4 Qxc7 27. Rxf3 Qb6+ 28. Kh1 Rxf3 29. Qxf3 Qxb2 30. Re2 Qxc3 31. Qxc3 Bxc3 32. Kg2 Kg8 0-1

[Event "Montreal Mercredi 01"]
[Site "Montreal CAN"]
[Date "2007.02.07"]
[Round "5"]
[White "Boulay, David"]
[Black "Tremblay, Alain"]
[Result "1/2-1/2"]
[WhiteElo "2097"]
[BlackElo "2079"]
[PlyCount "42"]
[GameId "2160767910735244"]
[EventDate "2007.01.10"]
[EventType "swiss"]
[EventRounds "5"]
[EventCountry "CAN"]
[SourceTitle "EXT 2022"]
[Source "ChessBase"]
[SourceDate "2021.10.06"]
[SourceVersion "1"]
[SourceVersionDate "2021.10.06"]
[SourceQuality "1"]

1. e4 c5 2. Nf3 e6 3. d4 cxd4 4. Nxd4 Nf6 5. Nc3 d6 6. Be3 a6 7. f3 b5 8. Qd2 Bb7 9. O-O-O Nbd7 10. a3 Be7 11. g4 h6 12. Kb1 d5 13. exd5 Nxd5 14. Nxd5 Bxd5 15. Be2 Qc7 16. Rhf1 Rc8 17. f4 Nc5 18. Bf3 Qb7 19. Bxd5 Qxd5 20. Nf3 Qxd2 21. Rxd2 O-O 1/2-1/2

[Event "Montreal Mercredi 01"]
[Site "Montreal CAN"]
[Date "2007.02.07"]
[Round "5"]
[White "Chagnon, Francois"]
[Black "Landry, Martin"]
[Result "0-1"]
[WhiteElo "1441"]
[BlackElo "1555"]
[PlyCount "94"]
[GameId "2160767910735246"]
[EventDate "2007.01.10"]
[EventType "swiss"]
[EventRounds "5"]
[EventCountry "CAN"]
[SourceTitle "EXT 2022"]
[Source "ChessBase"]
[SourceDate "2021.10.06"]
[SourceVersion "1"]
[SourceVersionDate "2021.10.06"]
[SourceQuality "1"]

1. d4 Nf6 2. c4 e6 3. Nc3 Bb4 4. Qc2 Nc6 5. Nf3 d5 6. e3 Bd7 7. Bd2 Qe7 8. a3 Bxc3 9. bxc3 Na5 10. c5 Nc6 11. Bd3 e5 12. Bf5 e4 13. Bxd7+ Nxd7 14. Ng1 Na5 15. Ne2 Nc4 16. O-O Nxd2 17. Qxd2 c6 18. Rfb1 Rb8 19. Ng3 g6 20. Qe2 h5 21. c4 h4 22. Nf1 Nf6 23. Rb2 Kf8 24. Nd2 Kg7 25. Rab1 h3 26. g3 Qd7 27. cxd5 Nxd5 28. Rb3 f5 29. Nc4 Kf6 30. f3 Rhe8 31. Ne5 Qe6 32. fxe4 fxe4 33. Rf1+ Kg7 34. Rf7+ Kg8 35. Qf2 Rf8 36. Rbxb7 Rxb7 37. Rxf8+ Kg7 38. Qf1 Nxe3 39. Qa6 Rb1+ 40. Kf2 Nd1+ 41. Ke2 Nc3+ 42. Kd2 Kxf8 43. Qxa7 Qa2+ 44. Ke3 Re1+ 45. Kf4 Qf2+ 46. Kg4 Qf5+ 47. Kh4 Qh5# 0-1

[Event "Montreal Mercredi 01"]
[Site "Montreal CAN"]
[Date "2007.02.07"]
[Round "5"]
[White "Dominique, Vladimir"]
[Black "Courval, Francois"]
[Result "1-0"]
[WhiteElo "1826"]
[BlackElo "1898"]
[PlyCount "53"]
[GameId "2160767910735247"]
[EventDate "2007.01.10"]
[EventType "swiss"]
[EventRounds "5"]
[EventCountry "CAN"]
[SourceTitle "EXT 2022"]
[Source "ChessBase"]
[SourceDate "2021.10.06"]
[SourceVersion "1"]
[SourceVersionDate "2021.10.06"]
[SourceQuality "1"]

1. e4 c5 2. Nf3 e6 3. d4 cxd4 4. Nxd4 Nc6 5. Be3 Qc7 6. Nc3 a6 7. Bd3 b5 8. a3 Bb7 9. f4 Nxd4 10. Bxd4 Qxf4 11. g3 Qc7 12. Qf3 f5 13. Rf1 Nh6 14. Qh5+ g6 15. Qe2 Rg8 16. exf5 gxf5 17. Bxf5 Nxf5 18. Rxf5 O-O-O 19. Rf7 h6 20. Bf6 Re8 21. O-O-O Bc6 22. Ne4 Qb7 23. Rxf8 Bxe4 24. Rxe8+ Rxe8 25. Qh5 Rg8 26. Qf7 Rg6 27. Qe8+ 1-0

[Event "Montreal Mercredi 01"]
[Site "Montreal CAN"]
[Date "2007.02.07"]
[Round "5"]
[White "Forget, Luc"]
[Black "Pregent, Daniel"]
[Result "1/2-1/2"]
[WhiteElo "1943"]
[BlackElo "1757"]
[PlyCount "83"]
[GameId "2160767910735248"]
[EventDate "2007.01.10"]
[EventType "swiss"]
[EventRounds "5"]
[EventCountry "CAN"]
[SourceTitle "EXT 2022"]
[Source "ChessBase"]
[SourceDate "2021.10.06"]
[SourceVersion "1"]
[SourceVersionDate "2021.10.06"]
[SourceQuality "1"]

1. d4 Nf6 2. c4 e6 3. g3 c6 4. Bg2 d5 5. Nf3 Be7 6. O-O O-O 7. Nc3 Nbd7 8. Qd3 Qc7 9. Rd1 b6 10. Bg5 Ba6 11. b3 Rad8 12. a4 Rfe8 13. Bf4 Bd6 14. Bxd6 Qxd6 15. a5 Bc8 16. axb6 axb6 17. Ra7 e5 18. dxe5 Nxe5 19. Nxe5 Qxe5 20. cxd5 b5 21. b4 Qh5 22. Rc7 Ng4 23. h4 Ne5 24. Qe3 Bg4 25. Qf4 Bxe2 26. Nxe2 Qxe2 27. Qd2 Nf3+ 28. Bxf3 Qxf3 29. d6 Re2 30. Qf4 Rxf2 31. Qxf3 Rxf3 32. d7 Kf8 33. Kg2 Rc3 34. Rd6 Ke7 35. Rcxc6 Rxc6 36. Rxc6 Rxd7 37. Rc5 Rb7 38. Kf3 Rb6 39. g4 h6 40. Ke4 Re6+ 41. Kf4 Rf6+ 42. Ke4 1/2-1/2

[Event "Montreal Mercredi 01"]
[Site "Montreal CAN"]
[Date "2007.02.07"]
[Round "5"]
[White "Gauthier, Luc"]
[Black "Messier, Samuel"]
[Result "0-1"]
[WhiteElo "1684"]
[BlackElo "1636"]
[PlyCount "76"]
[GameId "2160767910735249"]
[EventDate "2007.01.10"]
[EventType "swiss"]
[EventRounds "5"]
[EventCountry "CAN"]
[SourceTitle "EXT 2022"]
[Source "ChessBase"]
[SourceDate "2021.10.06"]
[SourceVersion "1"]
[SourceVersionDate "2021.10.06"]
[SourceQuality "1"]

1. e4 c6 2. d4 d5 3. exd5 cxd5 4. Bd3 Nf6 5. c3 e6 6. Nf3 Qc7 7. O-O Bd6 8. Re1 Nbd7 9. Nbd2 O-O 10. Nf1 Re8 11. Ng3 e5 12. dxe5 Nxe5 13. Nxe5 Rxe5 14. Rxe5 Bxe5 15. Bg5 h6 16. Bxf6 Bxf6 17. Qf3 Qe5 18. Kf1 Be6 19. Re1 Qd6 20. h3 Qb6 21. Nf5 Bxf5 22. Qxf5 g6 23. Qxd5 Rd8 24. Qc4 Rxd3 25. Qxd3 Qxb2 26. Qd6 Qb5+ 27. Kg1 Bxc3 28. Qd8+ Kh7 29. Qe8 Qd5 30. Re7 Kg7 31. Rd7 Qxa2 32. Rxb7 a5 33. Rb8 Qa1+ 34. Kh2 Be5+ 35. g3 Bxb8 36. Qxb8 a4 37. Qa7 a3 38. Kg2 Qb2 0-1

[Event "Montreal Mercredi 01"]
[Site "Montreal CAN"]
[Date "2007.02.07"]
[Round "5"]
[White "Millette, Sylvain"]
[Black "Leitch, Darcy"]
[Result "1/2-1/2"]
[WhiteElo "1586"]
[BlackElo "1620"]
[PlyCount "129"]
[GameId "2160767910735251"]
[EventDate "2007.01.10"]
[EventType "swiss"]
[EventRounds "5"]
[EventCountry "CAN"]
[SourceTitle "EXT 2022"]
[Source "ChessBase"]
[SourceDate "2021.10.06"]
[SourceVersion "1"]
[SourceVersionDate "2021.10.06"]
[SourceQuality "1"]

1. Nf3 Nf6 2. g3 d5 3. Bg2 c6 4. O-O Bf5 5. d3 e6 6. Nbd2 Nbd7 7. Qe1 Bg6 8. e4 dxe4 9. Nxe4 Nxe4 10. dxe4 Qc7 11. Be3 Be7 12. Bd4 e5 13. Bc3 O-O 14. Rd1 Rad8 15. Qe3 b5 16. b3 b4 17. Bb2 Rfe8 18. Rd2 f6 19. Rfd1 Nf8 20. c4 Ne6 21. Nh4 Bf7 22. Nf5 Bc5 23. Qf3 Rxd2 24. Rxd2 Rd8 25. Qd1 Rxd2 26. Qxd2 Qd8 27. Qe2 Kf8 28. Kf1 g6 29. Ne3 Nd4 30. Qd1 Ke7 31. Nc2 Be6 32. Ne1 Qa5 33. Nd3 Qxa2 34. Bxd4 Bxd4 35. Bf3 Bc3 36. Nc5 Bh3+ 37. Kg1 Qd2 38. Qxd2 Bxd2 39. Bg2 Bc8 40. Kf1 Kd6 41. Nd3 c5 42. Ke2 Bc3 43. Nc1 a5 44. Na2 Bd4 45. f3 a4 46. Nc1 Bb2 47. Kd2 Kc6 48. Bf1 Kb6 49. Be2 Ka5 50. Bd1 Be6 51. Na2 Bxc4 52. bxc4 Bd4 53. Nc1 b3 54. Nxb3+ axb3 55. Bxb3 Bg1 56. h3 Bh2 57. g4 Bf4+ 58. Kc2 Kb4 59. Kb2 Bg5 60. Kc2 Be3 61. Ba2 Ka3 62. Bb1 Bd4 63. Kd3 Kb3 64. Bc2+ Kb4 65. Bd1 1/2-1/2

[Event "Montreal Mercredi 01"]
[Site "Montreal CAN"]
[Date "2007.02.07"]
[Round "5"]
[White "Savard, Alain"]
[Black "Katch, Gary"]
[Result "1/2-1/2"]
[WhiteElo "1559"]
[BlackElo "1717"]
[PlyCount "64"]
[GameId "2160767910735252"]
[EventDate "2007.01.10"]
[EventType "swiss"]
[EventRounds "5"]
[EventCountry "CAN"]
[SourceTitle "EXT 2022"]
[Source "ChessBase"]
[SourceDate "2021.10.06"]
[SourceVersion "1"]
[SourceVersionDate "2021.10.06"]
[SourceQuality "1"]

1. e4 d5 2. exd5 Nf6 3. Bb5+ Bd7 4. Bc4 Bg4 5. Be2 Bxe2 6. Qxe2 Nxd5 7. Nc3 Nc6 8. Nxd5 Qxd5 9. Nf3 O-O-O 10. d3 h6 11. Bd2 e5 12. Qe4 Bc5 13. Qxd5 Rxd5 14. a3 e4 15. dxe4 Re8 16. O-O Rxe4 17. Bc3 f6 18. Rfe1 Rxe1+ 19. Rxe1 Kd7 20. Kf1 a5 21. Re4 b5 22. Rg4 Bf8 23. Ke2 b4 24. axb4 axb4 25. Bd2 h5 26. Rh4 Bc5 27. c4 bxc3 28. Bxc3 Rf5 29. Re4 Bb6 30. Nd4 Nxd4+ 31. Bxd4 Rb5 32. Bc3 Rf5 1/2-1/2

[Event "Montreal Mercredi 01"]
[Site "Montreal CAN"]
[Date "2007.02.07"]
[Round "5"]
[White "Shahabi, Shahab"]
[Black "Sonn, Eric"]
[Result "1-0"]
[WhiteElo "1455"]
[BlackElo "1534"]
[PlyCount "73"]
[GameId "2160767910735253"]
[EventDate "2007.01.10"]
[EventType "swiss"]
[EventRounds "5"]
[EventCountry "CAN"]
[SourceTitle "EXT 2022"]
[Source "ChessBase"]
[SourceDate "2021.10.06"]
[SourceVersion "1"]
[SourceVersionDate "2021.10.06"]
[SourceQuality "1"]

1. d4 Nf6 2. c4 g6 3. Nc3 d5 4. e3 Bg7 5. Nf3 O-O 6. Be2 dxc4 7. Bxc4 c5 8. dxc5 Qa5 9. O-O Nc6 10. Qb3 Qxc5 11. Qb5 Qxb5 12. Nxb5 Bf5 13. Bd2 Ne4 14. Bc3 Nxc3 15. Nxc3 Na5 16. Be2 Rac8 17. Rac1 Nc4 18. Nd5 Nxb2 19. Nxe7+ Kh8 20. Nxc8 Bxc8 21. Nd4 a6 22. Bf3 Rd8 23. Rb1 Bxd4 24. exd4 Nc4 25. Rfd1 b5 26. g4 Kg7 27. Be2 Nd6 28. f3 f5 29. h3 Kf6 30. Rbc1 Kg5 31. Rc7 h6 32. Rh7 a5 33. Kh2 Re8 34. Rd2 Bb7 35. d5 fxg4 36. Bxb5 gxf3 37. Bxe8 1-0

[Event "Montreal Mercredi 02"]
[Site "Montreal CAN"]
[Date "2007.02.21"]
[Round "1"]
[White "Ayotte, Jocelyn"]
[Black "Menard, Dominic"]
[Result "1/2-1/2"]
[WhiteElo "2063"]
[BlackElo "2039"]
[PlyCount "93"]
[GameId "2160767910718304"]
[EventDate "2007.02.21"]
[EventType "swiss"]
[EventRounds "5"]
[EventCountry "CAN"]
[SourceTitle "EXT 2022"]
[Source "ChessBase"]
[SourceDate "2021.10.06"]
[SourceVersion "1"]
[SourceVersionDate "2021.10.06"]
[SourceQuality "1"]

1. d4 d5 2. c4 dxc4 3. Nf3 e6 4. Nc3 a6 5. a4 Nc6 6. e3 Na5 7. Ne5 Nf6 8. Nxc4 c5 9. dxc5 Qxd1+ 10. Kxd1 Nxc4 11. Bxc4 Bxc5 12. f3 Bd7 13. Ke2 Rc8 14. Bb3 O-O 15. e4 Bb4 16. Bd2 Bc6 17. Rhd1 Nd7 18. Nd5 Bxd5 19. Bxb4 Bxb3 20. Rxd7 Rc2+ 21. Ke3 Rfc8 22. Rad1 h6 23. Rd8+ Rxd8 24. Rxd8+ Kh7 25. Rd2 Rxd2 26. Kxd2 Bxa4 27. Bc5 Kg6 28. Ke3 e5 29. Be7 Bb5 30. Bd8 f6 31. g3 Kf7 32. f4 Ke6 33. Ba5 g6 34. Bc3 exf4+ 35. gxf4 f5 36. e5 Kd5 37. h4 Bc4 38. Ba5 Bb3 39. Bd8 b5 40. Be7 a5 41. Bf8 h5 42. Kd3 Bc4+ 43. Ke3 b4 44. Be7 Ba6 45. Kd2 Kc4 46. Kc2 a4 47. b3+ 1/2-1/2

[Event "Montreal Mercredi 02"]
[Site "Montreal CAN"]
[Date "2007.02.21"]
[Round "1"]
[White "Bergeron, Rene"]
[Black "Neumark-Gaudet, Zev"]
[Result "1-0"]
[WhiteElo "1447"]
[BlackElo "1493"]
[PlyCount "111"]
[GameId "2160767910718305"]
[EventDate "2007.02.21"]
[EventType "swiss"]
[EventRounds "5"]
[EventCountry "CAN"]
[SourceTitle "EXT 2022"]
[Source "ChessBase"]
[SourceDate "2021.10.06"]
[SourceVersion "1"]
[SourceVersionDate "2021.10.06"]
[SourceQuality "1"]

1. e4 d5 2. exd5 Qxd5 3. Nc3 Qa5 4. d4 c6 5. Bd2 Qc7 6. Nf3 Nf6 7. Bc4 Bf5 8. O-O e6 9. Bg5 Nbd7 10. Re1 Be7 11. Ne5 O-O 12. Bd3 Bxd3 13. Qxd3 Rad8 14. Qf3 h6 15. Bh4 Nxe5 16. dxe5 Nd5 17. Bxe7 Nxe7 18. Qh5 Nf5 19. f4 Rd2 20. Kh1 Qb6 21. Qf3 Nh4 22. Qh3 Nxg2 23. Rg1 Qe3 24. Qg4 Qxf4 25. Rxg2 Qxg4 26. Rxg4 Rxc2 27. Rg2 Rxg2 28. Kxg2 Rd8 29. Rd1 Rxd1 30. Nxd1 Kh7 31. Kf3 Kg6 32. Ke4 f5+ 33. exf6 gxf6 34. Ne3 Kg5 35. Ng2 h5 36. Kf3 f5 37. h4+ Kf6 38. Nf4 e5 39. Nxh5+ Kg6 40. Ng3 a5 41. h5+ Kg5 42. Ke2 f4 43. Ne4+ Kxh5 44. Kf3 b6 45. Nf6+ Kg6 46. Nd7 Kf5 47. Nxb6 e4+ 48. Kf2 Ke5 49. Nc4+ Kd4 50. Nxa5 Kd3 51. Nb3 e3+ 52. Kf3 Kc4 53. Nc1 c5 54. Kxf4 Kb4 55. Kxe3 c4 56. Kd4 1-0

[Event "Montreal Mercredi 02"]
[Site "Montreal CAN"]
[Date "2007.02.21"]
[Round "1"]
[White "Gauthier, Luc"]
[Black "Savard, Alain"]
[Result "0-1"]
[WhiteElo "1572"]
[BlackElo "1539"]
[PlyCount "134"]
[GameId "2160767910718306"]
[EventDate "2007.02.21"]
[EventType "swiss"]
[EventRounds "5"]
[EventCountry "CAN"]
[SourceTitle "EXT 2022"]
[Source "ChessBase"]
[SourceDate "2021.10.06"]
[SourceVersion "1"]
[SourceVersionDate "2021.10.06"]
[SourceQuality "1"]

1. e4 e6 2. d4 d5 3. e5 c5 4. c3 Qb6 5. Nf3 Bd7 6. Be2 cxd4 7. cxd4 Bb5 8. Nc3 Bxe2 9. Qxe2 Nc6 10. Be3 Bb4 11. O-O Bxc3 12. bxc3 Na5 13. Nd2 Rc8 14. Rab1 Qc6 15. Qg4 Kf8 16. Rfc1 Ne7 17. Qe2 Rc7 18. Nb3 Nc4 19. Nc5 b6 20. Na6 Rc8 21. Nb4 Qa4 22. Qf3 Qd7 23. Bg5 a5 24. Nd3 Nc6 25. h4 Rc7 26. h5 h6 27. Be3 Na7 28. Nf4 Kg8 29. Qg4 Kh7 30. Qd1 Rhc8 31. Qd3+ Kg8 32. Ne2 Qa4 33. g4 Nb5 34. Qd1 Qxd1+ 35. Rxd1 Nba3 36. Rb3 a4 37. Rb4 Ra8 38. Rc1 Ra5 39. Bf4 Nb5 40. Rcb1 Na7 41. Bc1 Ra6 42. Kg2 b5 43. Kf3 Rb6 44. Kg2 Rcb7 45. Ra1 Nc6 46. Rbb1 b4 47. cxb4 Rxb4 48. Rxb4 Rxb4 49. Be3 Nxe3+ 50. fxe3 Rb2 51. Kf3 Nb4 52. Nc3 a3 53. Rb1 Nxa2 54. Rxb2 axb2 55. Nb1 Kf8 56. Ke2 Ke7 57. Kd2 f6 58. Kc2 fxe5 59. dxe5 Nc1 60. Nc3 Kf7 61. Nd1 Nd3 62. Nxb2 Nxe5 63. Nd3 Nxg4 64. Kd2 Kf6 65. Nf4 Ke5 66. Kd3 Kd6 67. e4 Nf2+ 0-1

[Event "Montreal Mercredi 02"]
[Site "Montreal CAN"]
[Date "2007.02.21"]
[Round "1"]
[White "Godin, Patrick"]
[Black "Maharisoa, Tantely"]
[Result "1-0"]
[WhiteElo "1277"]
[BlackElo "1584"]
[PlyCount "59"]
[GameId "2160767910718307"]
[EventDate "2007.02.21"]
[EventType "swiss"]
[EventRounds "5"]
[EventCountry "CAN"]
[SourceTitle "EXT 2022"]
[Source "ChessBase"]
[SourceDate "2021.10.06"]
[SourceVersion "1"]
[SourceVersionDate "2021.10.06"]
[SourceQuality "1"]

1. e4 c5 2. Nf3 Nc6 3. d4 cxd4 4. Nxd4 e6 5. Nc3 a6 6. a3 Qc7 7. Be3 Nf6 8. f3 Ne5 9. g4 Nc4 10. Bxc4 Qxc4 11. g5 Nh5 12. f4 g6 13. Qe2 Qc7 14. f5 b5 15. Rf1 Bd6 16. fxg6 hxg6 17. Qf3 O-O 18. e5 Bc5 19. O-O-O Bb7 20. Qg4 Bxa3 21. Rd3 Be7 22. Bf4 d5 23. Rh3 Kg7 24. Rxh5 gxh5 25. Qxh5 Rh8 26. Qg4 Bc5 27. g6 Bxd4 28. gxf7+ Kxf7 29. Bg5+ Ke8 30. Qxe6+ 1-0